Prienik na trh v znamení direct marketingu

Direct marketing (DM) je priamou formou komunikácie bez akýchkoľvek vedľajších nákladov a najmä metódou s maximálnymi možnosťami merateľnosti výsledkov. Etapy direct marketingovej akcie. Testovacia direct marketingová akcia. Formy spätnej väzby direct marketingu (telemarketing). Postup pri direct ma...

Descrizione completa

Salvato in:
Dettagli Bibliografici
Autore principale: Ošlejšek, Josef
Natura: Capitolo di libro
Lingua:slovacco
Soggetti:
Tags: Aggiungi Tag
Nessun Tag, puoi essere il primo ad aggiungerne!!

MARC

LEADER 00000naa a2200000 4500
001 r034453
005 20230929100009.1
041 0 |a slo 
044 |a SK 
245 1 0 |a Prienik na trh v znamení direct marketingu  |c Josef Ošlejšek 
520 |a Direct marketing (DM) je priamou formou komunikácie bez akýchkoľvek vedľajších nákladov a najmä metódou s maximálnymi možnosťami merateľnosti výsledkov. Etapy direct marketingovej akcie. Testovacia direct marketingová akcia. Formy spätnej väzby direct marketingu (telemarketing). Postup pri direct marketingovej akcii. 
610 2 0 |a marketing priamy 
610 2 0 |a komunikácia marketingová 
610 2 0 |a väzba spätná 
610 2 0 |a telemarketing 
610 2 0 |a koncepcie 
610 2 0 |a direct mailing 
610 2 0 |a nástroje marketingové 
100 1 |a Ošlejšek, Josef